[Event "AUTO-INT-3031"]
[Site "http://www.queenalice.com/game.php?id=1374319"]
[Date "2015.7.30"]
[Round "1"]
[White "irdmoreno"]
[Black "NickThorp"]
[Result "0-1"]
[WhiteElo "1636"]
[BlackElo "1749"]

1. e4 e5 2. Nf3 Nc6 3. Nc3 Bb4 4. Bc4 d6 5. d3 Bg4 6. Bd2 Nd4 7. Bxf7+ Kxf7 8.
Ng5+ Qxg5 9. f3 Bxf3 10. gxf3 Qh4+ 11. Kf1 Nf6 12. h3 Qg3 13. Be1 Qxf3+ 14. Qxf3
Nxf3 15. Rd1 Raf8 16. Kf2 Nd4 17. Nd5 Bxe1+ 18. Rhxe1 Nxc2 19. Re2 Nd4 20. Ree1
Nxd5 21. exd5 Ke7+ 22. Kg2 Nf3 23. Re4 Ng5 24. Rg4 Rf5 25. h4 Nf3 26. Rxg7+ Kd8
27. Rf1 Nxh4+ 28. Kg1 Rxf1+ 29. Kxf1 Nf5 30. Rg5 Ne3+ 31. Ke2 Nxd5 0-1

[Event "AUTO-INT-3031"]
[Site "http://www.queenalice.com/game.php?id=1374326"]
[Date "2015.7.30"]
[Round "1"]
[White "irdmoreno"]
[Black "Nelsonbento"]
[Result "0-1"]
[WhiteElo "1665"]
[BlackElo "1556"]

1. e4 e6 2. Nc3 g6 3. Nf3 Bg7 4. Bc4 b6 5. O-O Bb7 6. d4 d6 7. Re1 Ne7 8. e5 d5
9. Bb3 Nf5 10. Qd3 Ba6 11. Bg5 f6 12. Bxf6 Bxf6 13. exf6 Bxd3 14. cxd3 Qxf6 15.
Ne5 Nxd4 0-1

[Event "AUTO-INT-3031"]
[Site "http://www.queenalice.com/game.php?id=1374327"]
[Date "2015.7.30"]
[Round "1"]
[White "Nelsonbento"]
[Black "irdmoreno"]
[Result "1-0"]
[WhiteElo "1547"]
[BlackElo "1645"]

1. g3 d6 2. Bg2 e5 3. b3 Nc6 4. Bb2 Nf6 5. e3 Ng4 6. h3 Nxf2 7. Kxf2 Qf6+ 8. Qf3
Qxf3+ 9. Bxf3 Be7 10. d4 O-O 11. Ne2 exd4 12. Nxd4 Nxd4 13. Bxd4 c5 14. Bc3 b6
15. Bxa8 Ba6 16. Bd5 Bc8 17. Na3 a6 18. e4 Be6 19. Rad1 1-0

[Event "AUTO-INT-3012"]
[Site "http://www.queenalice.com/game.php?id=1380994"]
[Date "2015.9.3"]
[Round "2"]
[White "rockaudrey"]
[Black "irdmoreno"]
[Result "1-0"]
[WhiteElo "2230"]
[BlackElo "1623"]

1. e4 e5 2. Nf3 d6 3. d4 Nc6 4. Bb5 Bd7 5. Bxc6 Bxc6 6. d5 Bb5 7. Nc3 a6 8. Nxb5
axb5 9. O-O h6 10. Be3 Nf6 11. Qd3 Be7 12. Qxb5+ Nd7 13. b3 Qb8 14. a4 O-O 15.
Qxd7 Re8 16. Rfd1 Bf6 17. Qb5 Ra6 18. a5 Rc8 19. c4 Bd8 20. c5 f6 21. cxd6 1-0

[Event "AUTO-INT-3012"]
[Site "http://www.queenalice.com/game.php?id=1380995"]
[Date "2015.9.3"]
[Round "2"]
[White "irdmoreno"]
[Black "rockaudrey"]
[Result "0-1"]
[WhiteElo "1625"]
[BlackElo "2254"]

1. e4 e6 2. d4 d5 3. e5 c5 4. Nf3 cxd4 5. Nxd4 Bd7 6. Nc3 Nc6 7. Nxc6 bxc6 8.
Ba6 c5 9. O-O Ne7 10. b3 Qa5 11. Bg5 Qxa6 12. Bxe7 Bxe7 13. Na4 Bxa4 14. bxa4
Qxa4 15. Re1 O-O 16. Re3 c4 17. a3 Rab8 18. Qd2 Bg5 0-1

[Event "Challenge"]
[Site "http://www.queenalice.com/game.php?id=1382141"]
[Date "2015.9.9"]
[Round "-"]
[White "eduardocosta"]
[Black "irdmoreno"]
[Result "1-0"]
[WhiteElo "1777"]
[BlackElo "1647"]

1. e3 c5 2. b3 e5 3. Nf3 d6 4. Bb2 Nc6 5. Bb5 Bf5 6. Bxc6+ bxc6 7. Nc3 h6 8. O-O
Nf6 9. Na4 Be7 10. d4 e4 11. Nd2 Bg4 12. Qc1 1-0

[Event "Let's Play Chess!"]
[Site "http://www.queenalice.com/game.php?id=1478902"]
[Date "2017.5.21"]
[Round "-"]
[White "irdmoreno"]
[Black "Rider"]
[Result "1-0"]
[WhiteElo "1529"]
[BlackElo "1689"]

1. e4 e5 2. Nf3 d6 3. Nc3 Bg4 4. Bc4 c6 5. Bxf7+ Kxf7 6. d4 exd4 7. Ng5+ Ke8 8.
Qxg4 h6 9. Ne6 Qf6 10. O-O g5 11. Nc7+ Kf7 12. Nxa8 Qe7 13. Ne2 c5 14. f4 Ke8
15. fxg5 hxg5 16. Bxg5 Qg7 17. Qc8# 1-0

[Event "Let's Play Chess!"]
[Site "http://www.queenalice.com/game.php?id=1479129"]
[Date "2017.5.21"]
[Round "-"]
[White "irdmoreno"]
[Black "ulisses34"]
[Result "0-1"]
[WhiteElo "1540"]
[BlackElo "1664"]

1. e4 e5 2. Nf3 d6 3. Nc3 c6 4. Bc4 Nf6 5. d4 exd4 6. Nxd4 d5 7. exd5 Qe7+ 8.
Qe2 cxd5 9. Qxe7+ Bxe7 10. Bxd5 Bb4 11. Bb3 O-O 12. O-O Re8 13. Bg5 Ne4 14. Nd5
Bd6 15. Rae1 Kf8 16. Nf5 Bc5 17. Nfe3 Nd2 18. Nc7 Nxf1 19. Nxa8 Nxe3 20. Nc7 Re5
21. Bxe3 Bxe3 22. fxe3 Nc6 23. Nd5 Be6 24. c4 Nd4 25. Ba4 Nc6 26. Nf4 Bxc4 27.
b3 Ba6 28. e4 b5 29. Bxb5 Bxb5 30. a4 Ba6 31. Nd5 Bd3 32. Rd1 Bxe4 33. Nc7 Bc2
34. Rc1 Nd4 35. b4 Ne2+ 0-1

[Event "Challenge"]
[Site "http://www.queenalice.com/game.php?id=1479452"]
[Date "2017.5.23"]
[Round "-"]
[White "irdmoreno"]
[Black "sigfrido"]
[Result "1-0"]
[WhiteElo "1578"]
[BlackElo "1452"]

1. e4 e6 2. Nf3 h6 3. Nc3 c6 4. d4 Bb4 5. Bc4 Bxc3+ 6. bxc3 d5 7. exd5 cxd5 8.
Bb3 Nf6 9. O-O Ne4 10. Qd3 Nc6 11. Ba3 Qf6 12. Ba4 a6 13. Bxc6+ bxc6 14. c4 Qg6
15. Nh4 Qf6 16. g3 a5 17. cxd5 Ng5 18. g4 Ba6 19. Qc3 exd5 20. Rfe1+ Kd7 21.
Re7+ Kd8 22. Qxa5+ Kc8 23. Qc7# 1-0

[Event "Challenge"]
[Site "http://www.queenalice.com/game.php?id=1479453"]
[Date "2017.5.23"]
[Round "-"]
[White "irdmoreno"]
[Black "sigfrido"]
[Result "0-1"]
[WhiteElo "1504"]
[BlackElo "1451"]

1. e4 e6 2. Nc3 a6 3. Nf3 c6 4. Bc4 b5 5. Bb3 b4 6. Ne2 c5 7. d4 d6 8. dxc5 f6
9. O-O dxc5 10. Qxd8+ Kxd8 11. Bf4 e5 12. Be3 h5 13. Ba4 Bg4 14. Rfd1+ Nd7 15.
Ng3 Ra7 16. Nf5 g6 17. Nd6 Rh7 18. c3 Bxd6 19. Rxd6 Bxf3 20. gxf3 Ke7 21. Rad1
Rb7 22. cxb4 Ke8 23. bxc5 Rb4 24. Bxd7+ Ke7 25. Bc8 Kf8 26. Rd8+ Kg7 0-1

[Event "AUTO-OPEN-3806"]
[Site "http://www.queenalice.com/game.php?id=1479737"]
[Date "2017.5.26"]
[Round "1"]
[White "irdmoreno"]
[Black "sphagnis"]
[Result "0-1"]
[WhiteElo "1581"]
[BlackElo "1651"]

1. e4 e5 2. Nf3 Nc6 3. Bc4 a6 4. Nc3 Nf6 5. O-O Bc5 6. d3 h6 7. a3 Rb8 8. b4 Bd4
9. Bb2 d6 10. Nxd4 Nxd4 11. Nd5 b5 12. Nxf6+ Qxf6 13. Bxd4 exd4 14. Bd5 Bb7 15.
Qd2 O-O 16. Rae1 Bxd5 17. exd5 Rfe8 18. Rc1 Qg5 19. Qxg5 hxg5 20. f4 Re3 21.
fxg5 Re5 22. c4 dxc3 23. Rxc3 Rxd5 24. Rxc7 Rxd3 25. Rfxf7 Rxa3 26. Rxg7+ Kf8
27. Rgf7+ Ke8 28. g6 Ra1+ 29. Kf2 Ra2+ 30. Kf3 Ra3+ 0-1

[Event "AUTO-OPEN-3806"]
[Site "http://www.queenalice.com/game.php?id=1479738"]
[Date "2017.5.26"]
[Round "1"]
[White "sphagnis"]
[Black "irdmoreno"]
[Result "1-0"]
[WhiteElo "1664"]
[BlackElo "1568"]

1. e4 e5 2. Bc4 Nf6 3. d3 Nc6 4. Nf3 Bc5 5. a3 O-O 6. Bg5 a6 7. O-O d6 8. h3 Nd4
9. Nxd4 Bxd4 10. c3 Ba7 11. d4 exd4 12. cxd4 Be6 13. d5 Bd7 14. Nc3 c5 15. dxc6
Bxc6 16. Kh1 Qe7 17. f3 Qe5 18. Bxf6 Qxf6 19. Nd5 Qe5 20. Qd2 Bd4 21. Rab1 b5
22. Ba2 a5 23. Nb6 Bxb6 24. Bd5 Bxd5 25. exd5 Qd4 26. Qg5 Bd8 27. Qc1 Rc8 28.
Qd1 Qxd1 29. Rbxd1 Rc2 30. b4 1-0

[Event "AUTO-OPEN-3806"]
[Site "http://www.queenalice.com/game.php?id=1479739"]
[Date "2017.5.26"]
[Round "1"]
[White "irdmoreno"]
[Black "elisangela"]
[Result "0-1"]
[WhiteElo "1585"]
[BlackElo "1888"]

1. e4 e6 2. Nf3 a6 3. Bc4 b5 4. Bb3 Bb7 5. O-O Bxe4 6. Nc3 Bb7 7. d4 d5 8. Bf4
Bb4 9. Ne5 Bxc3 10. bxc3 Nd7 11. a4 Nxe5 12. Bxe5 Qg5 13. f4 Qh6 14. Bxc7 Rc8
15. Be5 Rxc3 16. axb5 axb5 17. Qe2 Bc6 18. Ra6 Ne7 19. Rb6 O-O 20. Bd6 Qf6 21.
Be5 Qg6 22. Bd6 Nf5 23. Qe5 Re3 24. Bxf8 Rxe5 25. Rb8 h6 26. fxe5 Kh7 27. Bc5
Ne3 0-1

[Event "AUTO-OPEN-3806"]
[Site "http://www.queenalice.com/game.php?id=1479740"]
[Date "2017.5.26"]
[Round "1"]
[White "elisangela"]
[Black "irdmoreno"]
[Result "1-0"]
[WhiteElo "1884"]
[BlackElo "1589"]

1. e3 e5 2. a3 Nf6 3. h3 Nc6 4. g4 Bc5 5. b4 Bb6 6. Bb2 O-O 7. b5 Na5 8. a4 d5
9. Bxe5 Nc4 10. Bh2 Re8 11. Ra2 d4 12. Bxc4 dxe3 13. fxe3 Nd5 14. Qf3 Be6 15. c3
Qg5 16. Ne2 c6 17. e4 Nf6 18. Bxe6 Rxe6 19. d3 Rd8 20. Rd2 Be3 21. Rd1 Red6 22.
Bxd6 Rxd6 23. bxc6 bxc6 24. Qg3 Rd8 25. Nd4 Bf4 26. Qf2 Be3 27. Qg3 Bxd4 28.
cxd4 1-0